Riešenie vybraných problémov pri neurónových sieťach : Diplomová práca

Salvato in:
Dettagli Bibliografici
Autore principale: Jašica, Jozef (Autore)
Altri autori: Pohlmüller, Štefan (xxx)
Natura: Manoscritto Libro
Lingua:slovacco
Pubblicazione: Trnava : STU v Bratislave MtF KAIA, 1998
Soggetti:
Tags: Aggiungi Tag
Nessun Tag, puoi essere il primo ad aggiungerne!!

MARC

LEADER 00000ntm a22000003a 4500
001 stu74166
005 20160719155105.2
008 020220s1998----xo------------------slo-d
040 |a STU  |b slo 
041 0 |a slo 
044 |a xo 
100 1 |a Jašica, Jozef  |4 aut 
245 1 |a Riešenie vybraných problémov pri neurónových sieťach :  |b Diplomová práca 
260 |a Trnava :  |b STU v Bratislave MtF KAIA,  |c 1998 
300 |a 52 s  |c výťah 
650 7 |a Siete neurónové  |2 stusub 
650 7 |a Systémy výrobné-manažment  |2 stusub 
650 7 |a Strojárska aplikovaná informatika  |2 stusub 
700 1 |a Pohlmüller, Štefan  |4 xxx 
996 |b 284M041714  |c M*DP-1191  |l MMSKP  |s P  |a 0  |w stu74166_0001